| 000 | 01020nam a22002057a 4500 | ||
|---|---|---|---|
| 001 | 8803 | ||
| 003 | FISKH | ||
| 005 | 20251021140603.0 | ||
| 008 | 251021b cb ||||| |||| 00| 0 eng d | ||
| 040 |
_aFISKH _bkhr _cFISKH _dFISKH |
||
| 082 | _a590.73 | ||
| 100 | _aAnonymous | ||
| 245 |
_aដំណើរកំសាន្តទៅកាន់សួនសត្វ : _cA visit to the zoo / |
||
| 260 | _b590.73 | ||
| 300 |
_a24 pages : _bcolor illustrations ; _c22 cm |
||
| 520 | _aA Visit to the Zoo is an engaging nonfiction picture book designed for young readers aged 5 to 7. The book takes children on a journey through a zoo, introducing them to a variety of animals and their natural habitats. With carefully leveled text and vibrant, full-color photographs, the book brings the zoo experience to life. It also includes critical thinking questions and a photo glossary to enhance comprehension and vocabulary development. | ||
| 650 |
_aZoo _vNonfiction _xAnimals |
||
| 942 |
_2ddc _cBK _n0 |
||
| 999 |
_c8803 _d8803 |
||